[Event "Mumbai Mayors Cup 1st"]
[Site "Mumbai"]
[Date "2008.05.17"]
[Round "9"]
[White "Jain, Shilpi"]
[Black "Sangeetha, MR."]
[Result "0-1"]
[WhiteElo "1827"]
[BlackElo "2102"]
[PlyCount "120"]
[EventDate "2008.05.11"]
[EventType "swiss"]
[EventRounds "11"]
[EventCountry "IND"]
[SourceTitle "CBM 124 Extra"]
[Source "ChessBase"]
[SourceDate "2008.07.03"]
[SourceVersion "1"]
[SourceVersionDate "2008.07.03"]
[SourceQuality "1"]

1. d4 Nf6 2. Nf3 e6 3. e3 b6 4. Bd3 Bb7 5. 0-0 d5 6. b3 Nbd7 7. Bb2 Bd6 8. Ne5 0-0 9. Nd2 c5 10. Qe2 Qc7 11. f4 Ne4 12. Bb5 Ndf6 13. Ndf3 cxd4 14. exd4 Nc3 15. Bxc3 Qxc3 16. Bd3 Ne4 17. Qe3 Rac8 18. Rfe1 Rc7 19. Rad1 a5 20. Nd2 f5 21. Re2 Bxe5 22. dxe5 Nxd2 23. Qxd2 Rfc8 24. Re3 Qxd2 25. Rxd2 Rc3 26. Ree2 R8c5 27. a4 Bc6 28. Kf2 b5 29. axb5 Bxb5 30. Bxb5 Rxb5 31. Re3 Rc7 32. Ke2 Rbc5 33. Kd1 Rb7 34. Red3 h6 35. Rd4 Rbc7 36. R4d3 g5 37. g3 Kf7 38. h4 Kg6 39. hxg5 hxg5 40. Rh2 Rb5 41. Rd4 Rc3 42. Rg2 Rb4 43. Rdd2 a4 44. bxa4 Rxa4 45. Rd3 Rcc4 46. Rb3 Ra1+ 47. Kd2 Ra6 48. Rb7 Rac6 49. Kd1 Rc3 50. Rb4 R3c4 51. Rb7 Rc7 52. Rb3 Kh5 53. Rf3 Kg4 54. Rff2 Rc3 55. Ke1 Rxg3 56. Rh2 gxf4 57. Rh6 f3 58. Rxe6 Kf4 59. Rh2 Ke3 60. Kf1 Ra7 0-1

[Event "Mumbai Mayors Cup 1st"]
[Site "Mumbai"]
[Date "2008.05.15"]
[Round "7"]
[White "Maharjan, Prem Krishna"]
[Black "Jain, Shilpi"]
[Result "1/2-1/2"]
[WhiteElo "2096"]
[BlackElo "1827"]
[PlyCount "33"]
[EventDate "2008.05.11"]
[EventType "swiss"]
[EventRounds "11"]
[EventCountry "IND"]
[SourceTitle "CBM 124 Extra"]
[Source "ChessBase"]
[SourceDate "2008.07.03"]
[SourceVersion "1"]
[SourceVersionDate "2008.07.03"]
[SourceQuality "1"]

1. e4 e6 2. d4 d5 3. Nc3 dxe4 4. Nxe4 Nd7 5. Nf3 Ngf6 6. Ng3 Be7 7. Bd3 0-0 8. 0-0 c5 9. c3 b6 10. Re1 Bb7 11. Bf4 cxd4 12. Nxd4 Nc5 13. Bf1 Nd5 14. Bd2 Bd6 15. Qg4 Nf6 16. Qh3 Nce4 17. Nxe4 1/2-1/2

[Event "Mumbai Mayors Cup 1st"]
[Site "Mumbai"]
[Date "2008.05.12"]
[Round "3"]
[White "Jain, Shilpi"]
[Black "Kulkarni, Chinmay"]
[Result "1/2-1/2"]
[WhiteElo "1827"]
[BlackElo "2210"]
[PlyCount "119"]
[EventDate "2008.05.11"]
[EventType "swiss"]
[EventRounds "11"]
[EventCountry "IND"]
[SourceTitle "CBM 124 Extra"]
[Source "ChessBase"]
[SourceDate "2008.07.03"]
[SourceVersion "1"]
[SourceVersionDate "2008.07.03"]
[SourceQuality "1"]

1. d4 Nf6 2. c4 c5 3. e3 g6 4. Nf3 Bg7 5. Nc3 cxd4 6. exd4 0-0 7. Be2 d5 8. 0-0 Nc6 9. Bf4 dxc4 10. Bxc4 Bg4 11. d5 Na5 12. Be2 Rc8 13. h3 Bxf3 14. Bxf3 Nc4 15. Qe2 Re8 16. Rfd1 a6 17. Rac1 b5 18. b3 Nd6 19. Qd2 Qd7 20. Qd3 Qf5 21. Qxf5 Nxf5 22. d6 exd6 23. Bb7 Rc5 24. Bxa6 b4 25. Na4 Rxc1 26. Rxc1 Ne4 27. Bd3 d5 28. Re1 Bd4 29. Bxe4 dxe4 30. Bd2 e3 31. fxe3 Nxe3 32. Kh1 Kg7 33. Bxb4 Rc8 34. Bd2 Nf5 35. Rc1 Re8 36. Bc3 Re2 37. Rd1 Bxc3 38. Nxc3 Rc2 39. Rd3 h5 40. a4 h4 41. Ne4 Re2 42. g4 Ne3 43. Nc3 Re1+ 44. Kh2 Nc2 45. Rd2 Ne3 46. Re2 Nf1+ 47. Kg2 Rc1 48. Ne4 Ra1 49. a5 f5 50. gxf5 gxf5 51. Nc3 Ng3 52. Re5 Kf6 53. Rc5 Kg5 54. b4 Kf4 55. Nd5+ Ke4 56. Nf6+ Ke3 57. Rc2 Ne2 58. Nd5+ Kd3 59. Rb2 f4 60. Kf2 1/2-1/2

[Event "Mumbai Mayors Cup 1st"]
[Site "Mumbai"]
[Date "2008.05.11"]
[Round "1"]
[White "Jain, Shilpi"]
[Black "Rathnakaran, Kantholi"]
[Result "0-1"]
[WhiteElo "1827"]
[BlackElo "2488"]
[PlyCount "110"]
[EventDate "2008.05.11"]
[EventType "swiss"]
[EventRounds "11"]
[EventCountry "IND"]
[SourceTitle "CBM 124 Extra"]
[Source "ChessBase"]
[SourceDate "2008.07.03"]
[SourceVersion "1"]
[SourceVersionDate "2008.07.03"]
[SourceQuality "1"]

1. d4 Nf6 2. c4 c5 3. e3 g6 4. Nc3 Bg7 5. Nf3 0-0 6. Be2 b6 7. 0-0 Bb7 8. d5 d6 9. Qc2 e5 10. Nd2 Nbd7 11. Nde4 Nxe4 12. Nxe4 Qe7 13. b3 f5 14. Nc3 e4 15. Bb2 Ne5 16. f3 exf3 17. Bxf3 Rae8 18. Rae1 Bc8 19. Bd1 Qh4 20. Nb5 Qe7 21. Nc3 Bd7 22. Ne2 Ng4 23. Bxg7 Qxg7 24. Rf3 Nxe3 25. Qd2 Ng4 26. h3 Ne5 27. Rff1 g5 28. Ng3 f4 29. Ne4 Qg6 30. Nf2 Bf5 31. Qe2 Nd3 32. Qd2 Rxe1 33. Rxe1 Nxe1 34. Qxe1 Re8 35. Qd2 Qf6 36. Bh5 Qd4 37. Qc1 Qe3 38. Qb2 Qe5 39. Qxe5 Rxe5 40. Kh2 Re1 41. Bf3 Ra1 42. a4 Rf1 43. Ng4 Bxg4 44. Bxg4 Rb1 45. Be6+ Kg7 46. Bf5 Rxb3 47. Bd7 h5 48. Kg1 Rb2 49. Kf1 Kf6 50. Kg1 Ke5 51. Kf1 Kd4 52. Bb5 g4 53. hxg4 hxg4 54. Kg1 g3 55. Kf1 Ke3 0-1